[Event "Roncana op-A 13th"]
[Site "Santa Eulalia de Roncana"]
[Date "2019.10.19"]
[Round "4"]
[White "Cornejo Vera, Alejandro Danilo"]
[Black "Canal Oliveras, Joan"]
[Result "0-1"]
[WhiteElo "1868"]
[BlackElo "2212"]
[PlyCount "36"]
[EventDate "2019.09.28"]
[EventType "swiss"]
[EventRounds "8"]
[EventCountry "ESP"]
[SourceTitle "CBM 193 Extra"]
[Source "ChessBase"]
[SourceDate "2020.01.31"]
[SourceVersion "1"]
[SourceVersionDate "2020.01.31"]
[SourceQuality "1"]

1. e4 e5 2. Nf3 Nc6 3. c3 f5 4. d4 fxe4 5. d5 exf3 6. dxc6 Nf6 7. cxd7+ Bxd7 8. Qxf3 Bc6 9. Qf5 Qd5 10. Be3 Bd7 11. Qc2 Ng4 12. Bg5 Bc5 13. Bh4 0-0 14. Nd2 Bxf2+ 15. Bxf2 Rxf2 16. Bc4 Qxc4 17. Nxc4 Rxc2 18. 0-0 Bc6 0-1

[Event "Roncana op-A 13th"]
[Site "Santa Eulalia de Roncana"]
[Date "2019.10.05"]
[Round "2"]
[White "Cornejo Vera, Alejandro Danilo"]
[Black "Rojano Alfonso, Carlos"]
[Result "0-1"]
[WhiteElo "1868"]
[BlackElo "2210"]
[PlyCount "58"]
[EventDate "2019.09.28"]
[EventType "swiss"]
[EventRounds "8"]
[EventCountry "ESP"]
[SourceTitle "CBM 193 Extra"]
[Source "ChessBase"]
[SourceDate "2020.01.31"]
[SourceVersion "1"]
[SourceVersionDate "2020.01.31"]
[SourceQuality "1"]

1. e4 e5 2. f4 Bc5 3. Nf3 d6 4. Bc4 Nf6 5. fxe5 dxe5 6. Qe2 Qe7 7. b4 Bxb4 8. c3 Bd6 9. d4 Bg4 10. 0-0 Nbd7 11. Bg5 h6 12. Bh4 g5 13. Bg3 Nh5 14. Qb2 Nxg3 15. hxg3 0-0 16. Qc2 Kg7 17. Nbd2 c5 18. d5 Nf6 19. Nh2 Bd7 20. Rab1 Rab8 21. Ndf3 b5 22. Be2 c4 23. Rbe1 Bc5+ 24. Kh1 Nh5 25. Ng4 Nxg3+ 26. Kh2 Nxf1+ 27. Rxf1 Bxg4 28. Nd4 exd4 29. Bxg4 d3 0-1

[Event "Sabadell Coral Colon op 13th"]
[Site "Sabadell"]
[Date "2019.03.22"]
[Round "5"]
[White "Roig Gorina, Harold"]
[Black "Cornejo Vera, Alejandro Danilo"]
[Result "1/2-1/2"]
[WhiteElo "1842"]
[BlackElo "1798"]
[PlyCount "87"]
[EventDate "2019.02.22"]
[EventType "swiss"]
[EventRounds "8"]
[EventCountry "ESP"]
[SourceTitle "CBM 190 Extra"]
[Source "ChessBase"]
[SourceDate "2019.07.15"]
[SourceVersion "1"]
[SourceVersionDate "2019.07.15"]
[SourceQuality "1"]

1. d4 Nf6 2. c4 e6 3. Nf3 Bb4+ 4. Nc3 d5 5. Bg5 c5 6. e3 Bxc3+ 7. bxc3 Qa5 8. Bxf6 Qxc3+ 9. Nd2 gxf6 10. cxd5 exd5 11. Rc1 Qb4 12. Rxc5 Be6 13. Bb5+ Nd7 14. 0-0 b6 15. Bxd7+ Kxd7 16. Rc1 Qa3 17. Qb3 Qxb3 18. Nxb3 Rac8 19. Rxc8 Rxc8 20. Rc1 Rc4 21. Kf1 a5 22. Ke1 a4 23. Rxc4 dxc4 24. Nc1 a3 25. Kd2 Kc6 26. Kc3 Kb5 27. e4 f5 28. f3 fxe4 29. fxe4 f5 30. d5 Bf7 31. exf5 Kc5 32. d6 Kxd6 33. Kb4 Ke5 34. g4 Kf4 35. h3 Kg3 36. g5 Kxh3 37. g6 hxg6 38. fxg6 Bg8 39. Kxa3 Kg4 40. Kb4 Kg5 41. g7 Kg6 42. Kb5 Kxg7 43. Kxb6 Kf6 44. Kc5 1/2-1/2

[Event "Sabadell Coral Colon op 13th"]
[Site "Sabadell"]
[Date "2019.03.08"]
[Round "3"]
[White "Montllor Aguilera, Francisco"]
[Black "Cornejo Vera, Alejandro Danilo"]
[Result "1/2-1/2"]
[WhiteElo "1600"]
[BlackElo "1798"]
[PlyCount "83"]
[EventDate "2019.02.22"]
[EventType "swiss"]
[EventRounds "8"]
[EventCountry "ESP"]
[SourceTitle "CBM 190 Extra"]
[Source "ChessBase"]
[SourceDate "2019.07.15"]
[SourceVersion "1"]
[SourceVersionDate "2019.07.15"]
[SourceQuality "1"]

1. e4 c5 2. f4 Qc7 3. d3 e6 4. Nc3 a6 5. a4 Nc6 6. Nf3 Bd6 7. e5 Bf8 8. Be3 d6 9. exd6 Bxd6 10. Qd2 Nf6 11. Ne4 Nd5 12. Nxd6+ Qxd6 13. Be2 Nxe3 14. Qxe3 Nb4 15. Bd1 Nd5 16. Qe5 Qxe5+ 17. fxe5 Ne3 18. Kf2 Ng4+ 19. Kg3 h5 20. h3 Ne3 21. Kf2 Nf5 22. c3 h4 23. Re1 b6 24. Bc2 Bb7 25. d4 0-0-0 26. Bxf5 exf5 27. Rab1 c4 28. Ng5 Rd7 29. e6 fxe6 30. Rxe6 Rh5 31. Nf3 g5 32. Rg6 g4 33. hxg4 fxg4 34. Rxg4 h3 35. Rh1 Rdh7 36. Rxh3 Rxh3 37. gxh3 Rxh3 38. Rg3 Rh8 39. Ke3 Rh1 40. Ne5 Bd5 41. Rg6 Kc7 42. Rg7+ 1/2-1/2